00323nam a2200121Ia 4500008004100000041000800041082001800049100001900067245004800086260003800134300001400172700001500186220530s9999 xx 000 0 und d aeng a621.3743bOLI aOliver Bernard aElectronic Measurements and Instrumentation aNew DelhibTata McGraw Hillc2010 a729 PbPB a Cage John